Superheater tube element temperature regime; MATEC Web of Conferences; Vol. 19 : The 2nd International Youth Forum "Smart Grids", Tomsk, Russia, October 6-10, 2014
| Источник: | MATEC Web of Conferences Vol. 19 : The 2nd International Youth Forum "Smart Grids", Tomsk, Russia, October 6-10, 2014.— 2014.— [01007, 5 p.] |
|---|---|
| Главный автор: | |
| Автор-организация: | |
| Другие авторы: | |
| Примечания: | Title screen Physico-mathematical model for equation of non-stationary temperature conditions of superheater are defined in this work. This model can be used for calculation of temperature regime for both clean surface tube and tube with pollution on its outer and inner surface. Validation of numerical results, which were taken during calculation, are made. Numerical results were compared with results of thermalphysic calculation and results obtained by other authors. Error of numerical results is not more than 2 %. |
| Язык: | английский |
| Опубликовано: |
2014
|
| Предметы: | |
| Online-ссылка: | http://dx.doi.org/10.1051/matecconf/20141901007 |
| Формат: | MixedMaterials Электронный ресурс Статья |
| Запись в KOHA: | https://koha.lib.tpu.ru/cgi-bin/koha/opac-detail.pl?biblionumber=640110 |
MARC
| LEADER | 00000nla2a2200000 4500 | ||
|---|---|---|---|
| 001 | 640110 | ||
| 005 | 20231101134110.0 | ||
| 035 | |a (RuTPU)RU\TPU\network\4640 | ||
| 035 | |a RU\TPU\network\4636 | ||
| 090 | |a 640110 | ||
| 100 | |a 20150409a2014 k y0engy50 ba | ||
| 101 | 0 | |a eng |d eng | |
| 102 | |a FR | ||
| 105 | |a y z 100zy | ||
| 135 | |a drcn ---uucaa | ||
| 181 | 0 | |a i | |
| 182 | 0 | |a b | |
| 200 | 1 | |a Superheater tube element temperature regime |f V. S. Loginov, A. T. Parpiev | |
| 203 | |a Text |c electronic | ||
| 300 | |a Title screen | ||
| 320 | |a [References: 8 tit.] | ||
| 330 | |a Physico-mathematical model for equation of non-stationary temperature conditions of superheater are defined in this work. This model can be used for calculation of temperature regime for both clean surface tube and tube with pollution on its outer and inner surface. Validation of numerical results, which were taken during calculation, are made. Numerical results were compared with results of thermalphysic calculation and results obtained by other authors. Error of numerical results is not more than 2 %. | ||
| 461 | 0 | |0 (RuTPU)RU\TPU\network\4526 |t MATEC Web of Conferences | |
| 463 | 0 | |0 (RuTPU)RU\TPU\network\4524 |t Vol. 19 : The 2nd International Youth Forum "Smart Grids", Tomsk, Russia, October 6-10, 2014 |o [proceedings] |f National Research Tomsk Polytechnic University (TPU) |v [01007, 5 p.] |d 2014 | |
| 610 | 1 | |a электронный ресурс | |
| 610 | 1 | |a труды учёных ТПУ | |
| 610 | 1 | |a трубы | |
| 610 | 1 | |a пароперегреватели | |
| 610 | 1 | |a пароперегревательные трубы | |
| 610 | 1 | |a физико-математические модели | |
| 610 | 1 | |a нестационарные условия | |
| 610 | 1 | |a температурные условия | |
| 610 | 1 | |a температурные режимы | |
| 610 | 1 | |a численные результаты | |
| 700 | 1 | |a Loginov |b V. S. |c specialist in the field of thermal engineering |c Professor of Tomsk Polytechnic University, Doctor of physical and mathematical sciences |f 1942- |g Vladimir Stepanovich |2 stltpush |3 (RuTPU)RU\TPU\pers\34153 | |
| 701 | 1 | |a Parpiev |b A. T. | |
| 712 | 0 | 2 | |a Национальный исследовательский Томский политехнический университет (ТПУ) |b Энергетический институт (ЭНИН) |b Кафедра теоретической и промышленной теплотехники (ТПТ) |h 117 |2 stltpush |3 (RuTPU)RU\TPU\col\18679 |
| 801 | 2 | |a RU |b 63413507 |c 20161226 |g RCR | |
| 856 | 4 | |u http://dx.doi.org/10.1051/matecconf/20141901007 | |
| 942 | |c CF | ||